[Event "Rated Blitz game"]
[Site "?"]
[Date "2021.11.27"]
[Round "?"]
[White "yOkEsE"]
[Black "Maltinho"]
[Result "1-0"]
[WhiteElo "2533"]
[BlackElo "2648"]
[PlyCount "57"]
[EventDate "2021.??.??"]
[EventType "blitz"]

1. e4 e5 2. Nf3 d5 3. Nxe5 Bd6 4. d4 dxe4 5. Nc3 Nf6 6. Bg5 Bf5 7. Bc4 O-O 8.
O-O h6 9. Bh4 Nc6 10. Nxc6 bxc6 11. Bg3 Bh7 12. Re1 Qd7 13. Bb3 Rae8 14. Ba4
Re7 15. Qd2 Nh5 16. d5 Qg4 17. dxc6 Nxg3 18. hxg3 h5 19. Nd5 Re6 20. Ne3 Qg5
21. Nc4 e3 22. Rxe3 h4 23. Rxe6 Qxd2 24. Nxd2 fxe6 25. gxh4 Bc5 26. Rf1 Rf4 27.
Bb3 Rxh4 28. g3 Rg4 29. Bxe6+ {Normal} 1-0

[Event "Rated Blitz game"]
[Site "?"]
[Date "2021.11.27"]
[Round "?"]
[White "blitzR"]
[Black "Annali-annaliew1979"]
[Result "0-1"]
[WhiteElo "2377"]
[BlackElo "2424"]
[PlyCount "62"]
[EventDate "2021.??.??"]
[EventType "blitz"]

1. e4 e5 2. Nf3 d5 3. exd5 e4 4. Qe2 f5 5. d3 Nf6 6. Nc3 Bb4 7. Bg5 Bxc3+ 8.
bxc3 O-O 9. dxe4 fxe4 10. Nd4 c5 11. dxc6 Nxc6 12. Nxc6 bxc6 13. Qc4+ Kh8 14.
Be2 a5 15. Qd4 Qe8 16. O-O Nd5 17. c4 Nb4 18. Qc3 Qg6 19. Be3 Bh3 20. g3 Bxf1
21. Bxf1 Qf5 22. a3 Na6 23. Rb1 Nc7 24. Rb7 Ne6 25. h4 Rfb8 26. Rd7 c5 27. Kh2
Nd4 28. Re7 Qf6 29. Rxe4 Nf3+ 30. Kg2 Nxh4+ 31. Rxh4 Qxc3 {Normal} 0-1

[Event "Rated Blitz game"]
[Site "?"]
[Date "2021.11.27"]
[Round "?"]
[White "oncle-ben"]
[Black "AnupDeshmukh"]
[Result "1/2-1/2"]
[WhiteElo "2456"]
[BlackElo "2543"]
[PlyCount "73"]
[EventDate "2021.??.??"]
[EventType "blitz"]

1. e4 e5 2. Nf3 d5 3. d4 dxe4 4. Nxe5 Nf6 5. Nc3 Be6 6. Be2 Nc6 7. Nxc6 bxc6 8.
O-O Bd6 9. Bg5 h6 10. Bh4 g5 11. Bg3 Bxg3 12. fxg3 Qe7 13. Qd2 Rd8 14. Rf2 Bg4
15. Rxf6 Bxe2 16. Rf2 e3 17. Qxe2 exf2+ 18. Qxf2 O-O 19. Re1 Qd6 20. Kh1 Qxd4
21. Qf3 Qg7 22. Qxc6 Qg6 23. Qxc7 Qd6 24. Qxa7 Rfe8 25. Rf1 Re7 26. Qa5 Rde8
27. Qf5 Qd2 28. Ne4 Rxe4 29. Qxf7+ Kh8 30. Qf6+ Kg8 31. Qg6+ Kh8 32. Qxh6+ Kg8
33. Qg6+ Kh8 34. Qh6+ Kg8 35. Qg6+ Kh8 36. Qh6+ Kg8 37. Qg6+ {Normal} 1/2-1/2

[Event "Rated Blitz game"]
[Site "?"]
[Date "2021.11.27"]
[Round "?"]
[White "gamarix"]
[Black "Annali-annaliew1979"]
[Result "1-0"]
[WhiteElo "2407"]
[BlackElo "2381"]
[PlyCount "169"]
[EventDate "2021.??.??"]
[EventType "blitz"]

1. e4 e5 2. Nf3 d5 3. d4 dxe4 4. Nxe5 Bd6 5. f4 exf3 6. Nxf3 Nf6 7. Bd3 O-O 8.
O-O h6 9. c3 Bg4 10. h3 Bh5 11. g4 Bg6 12. Bxg6 fxg6 13. Qb3+ Kh7 14. Qxb7 Nbd7
15. Na3 Bxa3 16. bxa3 Nb6 17. Bf4 Nfd5 18. Bg3 Nxc3 19. Bxc7 Qd7 20. Kg2 Rfb8
21. Qxb8 Rxb8 22. Bxb8 g5 23. Be5 Qd5 24. Rfc1 Nba4 25. Rc2 Qe4 26. Rac1 Nd5
27. Kg3 Nab6 28. Rc5 Nf4 29. Rc7 Ne6 30. Rxa7 Nd5 31. Rc8 Ndf4 32. Rcc7 Nxc7
33. Rxc7 Ne6 34. Re7 Qd5 35. Kf2 Kg8 36. Ke3 Kf8 37. Ra7 g6 38. Nd2 Nf4 39. Ne4
Ng2+ 40. Kf3 Ne1+ 41. Ke3 Nc2+ 42. Kd3 Ne1+ 43. Ke3 Qxa2 44. Bd6+ Ke8 45. Nf6+
Kd8 46. Rd7+ Kc8 47. Rc7+ Kd8 48. Rd7+ Kc8 49. Rc7+ Kb8 50. Rc2+ Kb7 51. Rxa2
Kc6 52. Ke4 Kxd6 53. Ng8 h5 54. Nh6 Ke6 55. Re2 Nf3 56. Kxf3+ Kd5 57. gxh5 Kxd4
58. Kg3 gxh5 59. Rf2 Kd3 60. Rf5 h4+ 61. Kg4 Ke4 62. Rxg5 Ke3 63. Rh5 Kf2 64.
Rxh4 Kg2 65. Rh5 Kh2 66. Rg5 Kg2 67. h4 Kh2 68. a4 Kg2 69. a5 Kh2 70. a6 Kg2
71. a7 Kh2 72. a8=Q Kg1 73. Qb7 Kf2 74. Qb6+ Ke2 75. Qc5 Kd3 76. Qd5+ Ke3 77.
Qe5+ Kd3 78. Qf5+ Kd4 79. Rg6 Ke3 80. Qf7 Ke2 81. Re6+ Kd3 82. Qd7+ Kc4 83.
Rc6+ Kb5 84. Qb7+ Ka5 85. Ra6# {Normal} 1-0

[Event "Rated Blitz game"]
[Site "?"]
[Date "2021.11.27"]
[Round "?"]
[White "aniket-118"]
[Black "alaeldin1212"]
[Result "1-0"]
[WhiteElo "2417"]
[BlackElo "2384"]
[PlyCount "65"]
[EventDate "2021.??.??"]
[EventType "blitz"]

1. e4 e5 2. Nf3 d5 3. Nxe5 Bd6 4. d4 dxe4 5. Bc4 Bxe5 6. Qh5 Qe7 7. Qxe5 Qxe5
8. dxe5 Nc6 9. Bf4 Nge7 10. e6 Bxe6 11. Bxe6 fxe6 12. Bxc7 Nb4 13. Na3 Rc8 14.
Be5 Nxc2+ 15. Nxc2 Rxc2 16. O-O O-O 17. Rae1 Rc4 18. b3 Rc2 19. a4 Ng6 20. Bd4
Nf4 21. Bxa7 Ne2+ 22. Kh1 Rd8 23. Be3 Rd3 24. b4 Rb3 25. Rb1 Rxb1 26. Rxb1 Nc3
27. Ra1 Rb2 28. Bd4 Rb3 29. g3 Nd5 30. b5 e3 31. fxe3 Rd3 32. a5 e5 33. Bc5 {
Time forfeit} 1-0

[Event "Rated Blitz game"]
[Site "?"]
[Date "2021.11.27"]
[Round "?"]
[White "Arvedge"]
[Black "Pepiton61"]
[Result "0-1"]
[WhiteElo "2408"]
[BlackElo "2340"]
[PlyCount "81"]
[EventDate "2021.??.??"]
[EventType "blitz"]

1. e4 e5 2. Nf3 d5 3. d4 dxe4 4. Nxe5 Bd6 5. Bc4 Bxe5 6. Qh5 Qe7 7. Qxe5 Qxe5
8. dxe5 Nc6 9. Bf4 Nge7 10. Nc3 Ng6 11. Bg3 h5 12. h4 Ngxe5 13. Bb5 O-O 14.
Nxe4 Bf5 15. Nc3 Bxc2 16. O-O a6 17. Be2 Rfe8 18. Bxh5 Nd4 19. Rfe1 c5 20. Rxe5
Rxe5 21. Bxe5 Re8 22. Bg3 g6 23. Bg4 b5 24. Bd1 Re1+ 25. Kh2 b4 26. f3 Rf1 27.
Bxc2 Rxa1 28. Bd3 bxc3 29. bxc3 Nb5 30. Bc4 Nxc3 31. Be5 Rc1 32. Bxa6 Nxa2 33.
g4 c4 34. h5 gxh5 35. gxh5 Nb4 36. Bb7 c3 37. Bf4 Rc2+ 38. Kg3 Re2 39. Bc8 Nd5
40. Bc1 Re1 41. Bg5 {Normal} 0-1

[Event "Rated Blitz game"]
[Site "?"]
[Date "2021.11.27"]
[Round "?"]
[White "Moustakias"]
[Black "bobbybaer"]
[Result "1-0"]
[WhiteElo "2427"]
[BlackElo "2334"]
[PlyCount "39"]
[EventDate "2021.??.??"]
[EventType "blitz"]

1. e4 e5 2. Nf3 d5 3. Nxe5 Bd6 4. d4 dxe4 5. Bc4 Bxe5 6. dxe5 Qxd1+ 7. Kxd1 Nc6
8. Bf4 Bf5 9. Nd2 Nge7 10. h3 Ng6 11. Bh2 Ngxe5 12. Re1 Nxc4 13. Nxc4 O-O-O+
14. Ke2 Nd4+ 15. Kf1 Nxc2 16. Rac1 Nxe1 17. Nb6+ axb6 18. Rxc7+ Kb8 19. Rc3+
Ka7 20. Ra3# {Normal} 1-0

[Event "Rated Blitz game"]
[Site "?"]
[Date "2021.11.27"]
[Round "?"]
[White "VasilijeVladacki"]
[Black "Annali-annaliew1979"]
[Result "1-0"]
[WhiteElo "2576"]
[BlackElo "2439"]
[PlyCount "125"]
[EventDate "2021.??.??"]
[EventType "blitz"]

1. e4 e5 2. Nf3 d5 3. exd5 e4 4. Ne5 Bd6 5. d4 Nf6 6. c4 b6 7. Nc3 h6 8. Be2
O-O 9. O-O Re8 10. Ng4 Nbd7 11. Be3 a6 12. h3 Nf8 13. c5 bxc5 14. dxc5 Be5 15.
Nxe5 Rxe5 16. Qd4 Ng6 17. Rad1 Bb7 18. c6 Bc8 19. Bc4 Qd6 20. Qc5 Bf5 21. Qxd6
cxd6 22. Na4 Ree8 23. Nb6 Ra7 24. Nd7 Raa8 25. Nxf6+ gxf6 26. b4 Ne5 27. Be2
Reb8 28. a3 Nd3 29. Bxd3 exd3 30. Bxh6 a5 31. g4 Be4 32. Rfe1 Bg6 33. f4 f5 34.
c7 Rc8 35. Re7 axb4 36. axb4 fxg4 37. hxg4 Ra4 38. f5 Bh7 39. Rde1 Bxf5 40.
Re8+ Rxe8 41. Rxe8+ Kh7 42. gxf5 Ra1+ 43. Kf2 Kxh6 44. c8=Q d2 45. Rh8+ Kg5 46.
Qg8+ Kf4 47. Qg3+ Ke4 48. Rh4+ Kxf5 49. Qd3+ Kg5 50. Qg3+ Kf6 51. Qc3+ Kg5 52.
Qxa1 d1=Q 53. Qxd1 Kxh4 54. Kf3 Kg5 55. Qd2+ Kf5 56. Qf4+ Kg6 57. Qxd6+ Kg5 58.
b5 f5 59. b6 f4 60. b7 Kf5 61. b8=Q Kg5 62. Qg8+ Kf5 63. Qg4# {Normal} 1-0

[Event "Rated Blitz tournament uZRohq1W"]
[Site "?"]
[Date "2021.11.27"]
[Round "?"]
[White "arshia_chess_1389"]
[Black "ahoramahora"]
[Result "1-0"]
[WhiteElo "2488"]
[BlackElo "2330"]
[PlyCount "45"]
[EventDate "2021.??.??"]
[EventType "blitz"]

1. e4 e5 2. Nf3 d5 3. Nxe5 Bd6 4. d4 dxe4 5. Bf4 Nf6 6. Bc4 O-O 7. O-O Nbd7 8.
Nc3 Nb6 9. Bb3 h6 10. Qe2 Bf5 11. Rfe1 Re8 12. Bg3 Bxe5 13. dxe5 Nfd5 14. Nxd5
Nxd5 15. Rad1 Be6 16. c4 c6 17. cxd5 cxd5 18. Qb5 Qg5 19. Bxd5 h5 20. Bxe6 Rxe6
21. Qxb7 Rae8 22. Qxe4 Rh6 23. Bf4 {Normal} 1-0

[Event "Rated Blitz game"]
[Site "?"]
[Date "2021.11.27"]
[Round "?"]
[White "berndhoy"]
[Black "Annali-annaliew1979"]
[Result "0-1"]
[WhiteElo "2556"]
[BlackElo "2448"]
[PlyCount "106"]
[EventDate "2021.??.??"]
[EventType "blitz"]

1. e4 e5 2. Nf3 d5 3. exd5 e4 4. Qe2 f5 5. d3 Nf6 6. dxe4 fxe4 7. Bg5 Be7 8.
Bxf6 Bxf6 9. Qxe4+ Kf7 10. Qb4 Re8+ 11. Be2 a5 12. Qb3 a4 13. Qb4 Na6 14. Qf4
Kg8 15. Nc3 a3 16. Ne4 Bxb2 17. Rd1 Qe7 18. Ng3 Bc3+ 19. Kf1 Bb4 20. Bc4 Bd6
21. Qd2 Bg4 22. h3 Bxf3 23. gxf3 Nc5 24. Kg2 Qf6 25. Qd4 Qg6 26. Bd3 Nxd3 27.
Qxd3 Qf6 28. h4 Ra4 29. h5 Qg5 30. Rde1 Rf8 31. Re4 Raa8 32. Rg4 Qf6 33. Ne4
Qf5 34. Nxd6 Qxd3 35. cxd3 cxd6 36. Rb4 Rf7 37. Rhb1 Ra7 38. Rb6 Rd7 39. R1b3
Kf7 40. f4 Kf6 41. Kf3 Ke7 42. Rc3 Kd8 43. Rc4 Ra5 44. Ke4 Re7+ 45. Kd4 Rd7 46.
Rb1 Rf7 47. Ke4 Re7+ 48. Kd4 Rf7 49. Ke4 b5 50. Rc6 Kd7 51. d4 Ra4 52. Rbc1 Rc4
53. Rc7+ Kxc7 {Normal} 0-1

[Event "Rated Rapid game"]
[Site "?"]
[Date "2021.11.27"]
[Round "?"]
[White "MuhammadAlsayed"]
[Black "ZANE01"]
[Result "1-0"]
[WhiteElo "2356"]
[BlackElo "2400"]
[PlyCount "99"]
[EventDate "2021.??.??"]
[EventType "rapid"]

1. e4 e5 2. Nf3 d5 3. Nc3 d4 4. Ne2 Nc6 5. Ng3 Nf6 6. Bb5 Bg4 7. h3 Bxf3 8.
Qxf3 Bd6 9. d3 O-O 10. O-O Nb4 11. Ba4 Nd7 12. a3 Na6 13. Nf5 Nac5 14. Qg3 Qf6
15. Bxd7 Nxd7 16. Bh6 Qg6 17. Bxg7 Qxg3 18. fxg3 Rfe8 19. Bh6 Re6 20. Bd2 Rg6
21. Nh6+ Kh8 22. Nxf7+ Kg7 23. Ng5 h6 24. Rf7+ Kg8 25. Rxd7 hxg5 26. g4 Rf8 27.
Rf1 Rxf1+ 28. Kxf1 Rf6+ 29. Ke2 Rg6 30. Bb4 c5 31. Bd2 Bf8 32. Rxb7 a6 33. Ba5
Rg7 34. Rxg7+ Kxg7 35. c4 Kf6 36. Kd2 Ke6 37. Kc2 Be7 38. Kb3 Kd6 39. Ka4 Kc6
40. b4 cxb4 41. axb4 Bf6 42. b5+ axb5+ 43. cxb5+ Kb7 44. Kb4 Kc8 45. Kc5 Kd7
46. Kd5 Bg7 47. Bb4 Kc7 48. Bd6+ Kb6 49. Bxe5 Bf8 50. Kc4 {Normal} 1-0

[Event "Rated Blitz tournament aKyGIkrx"]
[Site "?"]
[Date "2021.11.27"]
[Round "?"]
[White "WB_Noor_Junior"]
[Black "DS_BBC"]
[Result "0-1"]
[WhiteElo "2324"]
[BlackElo "2504"]
[PlyCount "70"]
[EventDate "2021.??.??"]
[EventType "blitz"]

1. e4 e5 2. Nf3 d5 3. Nxe5 Bd6 4. d4 dxe4 5. Qh5 g6 6. Qe2 Qe7 7. Nc3 Bxe5 8.
dxe5 Qxe5 9. Qxe4 Qxe4+ 10. Nxe4 Bf5 11. Bd3 Nc6 12. Bf4 O-O-O 13. O-O-O Nd4
14. Rhe1 Nc6 15. Bg5 Rf8 16. Bb5 Bxe4 17. Rxe4 f5 18. Re6 h6 19. Bf4 Nf6 20.
Bxc6 bxc6 21. Rxc6 Rf7 22. Rdd6 Rhf8 23. Bxh6 Rh8 24. Rxf6 Rxf6 25. Rxf6 Rxh6
26. h3 Kd7 27. Kd2 Ke7 28. Ra6 Rh8 29. Rxa7 Rd8+ 30. Ke2 Kd7 31. c4 Re8+ 32.
Kd1 Rb8 33. b3 Re8 34. Kd2 Rb8 35. Ra6 Rh8 {Time forfeit} 0-1

[Event "Rated Blitz game"]
[Site "?"]
[Date "2021.11.27"]
[Round "?"]
[White "Depressed_player"]
[Black "Schachelite"]
[Result "1/2-1/2"]
[WhiteElo "2331"]
[BlackElo "2488"]
[PlyCount "101"]
[EventDate "2021.??.??"]
[EventType "blitz"]

1. e4 e5 2. Nf3 d5 3. exd5 e4 4. Qe2 Nf6 5. d3 Qxd5 6. dxe4 Qxe4 7. Nc3 Bb4 8.
Bd2 Qxe2+ 9. Bxe2 O-O 10. O-O-O c6 11. Bc4 Bg4 12. a3 Bxf3 13. gxf3 Bc5 14. Be3
Nbd7 15. Ne4 Bxe3+ 16. fxe3 Nxe4 17. fxe4 Ne5 18. Be2 Rad8 19. c4 f6 20. c5 Kf7
21. Kc2 Ke7 22. Kc3 Rxd1 23. Rxd1 Rd8 24. Rxd8 Kxd8 25. h4 Ke7 26. b4 Ng6 27.
h5 Ne5 28. a4 Kd7 29. a5 Kc7 30. Kd2 g5 31. hxg6 hxg6 32. Ke1 b6 33. axb6+ axb6
34. cxb6+ Kxb6 35. Kf2 Kc7 36. Kg3 Kd6 37. Kf4 c5 38. bxc5+ Kxc5 39. Bf1 Kb4
40. Be2 Kc3 41. Bb5 Kd2 42. Be8 Nd3+ 43. Kf3 g5 44. Kg4 Kxe3 45. Kf5 Nc5 46.
Bc6 Kd4 47. Kxf6 g4 48. e5 g3 49. e6 Nxe6 50. Kxe6 g2 51. Bxg2 {Normal} 1/2-1/2

[Event "Rated Blitz game"]
[Site "?"]
[Date "2021.11.27"]
[Round "?"]
[White "kaimann08"]
[Black "Annali-annaliew1979"]
[Result "1-0"]
[WhiteElo "2303"]
[BlackElo "2445"]
[PlyCount "65"]
[EventDate "2021.??.??"]
[EventType "blitz"]

1. e4 e5 2. Nf3 d5 3. exd5 e4 4. Qe2 f5 5. d3 Nf6 6. Nc3 Bb4 7. Bd2 Bxc3 8.
Bxc3 O-O 9. dxe4 Nxe4 10. Qd3 Nd7 11. Be2 Ndc5 12. Qc4 a6 13. O-O b5 14. Qd4
Nxc3 15. Qxc3 Ne4 16. Qd4 Bb7 17. Rad1 Qd6 18. b3 b4 19. Bd3 Rae8 20. Bxe4 fxe4
21. Ng5 Qf4 22. Ne6 Rxe6 23. dxe6 Qg5 24. Qe3 Qg6 25. Rd7 Bc8 26. Rxc7 Bxe6 27.
Rc6 a5 28. Re1 Qe8 29. Qxe4 Bd7 30. Qxe8 Rxe8 31. Rxe8+ Bxe8 32. Rc8 Kf7 33.
Ra8 {Normal} 1-0

[Event "Rated Rapid game"]
[Site "?"]
[Date "2021.11.27"]
[Round "?"]
[White "j_lisbon"]
[Black "Oberlappen"]
[Result "0-1"]
[WhiteElo "2450"]
[BlackElo "2301"]
[PlyCount "58"]
[EventDate "2021.??.??"]
[EventType "rapid"]

1. e4 e5 2. Nf3 d5 3. Nxe5 Bd6 4. d4 dxe4 5. Nc4 Be7 6. Nc3 Nf6 7. Be2 O-O 8.
Be3 a6 9. a4 Bf5 10. h3 Bg6 11. Qd2 Nbd7 12. O-O c6 13. a5 Nd5 14. Na4 f5 15.
Bf4 Nxf4 16. Qxf4 Nf6 17. c3 Nd5 18. Qe5 Bf6 19. Qd6 Rb8 20. Nc5 Be7 21. Qxd8
Rfxd8 22. Rfd1 Bf7 23. Ne5 Nf4 24. Bf1 Bxc5 25. dxc5 Bb3 26. Rd4 Ne6 27. Bc4
Bxc4 28. Rxc4 Rd5 29. b4 Rxe5 {Normal} 0-1

[Event "Rated Blitz tournament EMhrwZmd"]
[Site "?"]
[Date "2021.11.27"]
[Round "?"]
[White "Khairoshev_Nurbek"]
[Black "Accomplishment"]
[Result "1-0"]
[WhiteElo "2503"]
[BlackElo "2274"]
[PlyCount "35"]
[EventDate "2021.??.??"]
[EventType "blitz"]

1. e4 e5 2. Nf3 d5 3. d4 dxe4 4. Nxe5 Bd6 5. Nc4 Nf6 6. Nxd6+ Qxd6 7. Be3 Qb4+
8. Nd2 Qxb2 9. Bc4 Qa3 10. O-O Qe7 11. Bg5 h6 12. Bxf6 gxf6 13. Nxe4 Be6 14. d5
Bf5 15. d6 cxd6 16. Nxd6+ Kf8 17. Nxf5 Nc6 18. Nxe7 {Normal} 1-0

[Event "Rated Blitz tournament EMhrwZmd"]
[Site "?"]
[Date "2021.11.27"]
[Round "?"]
[White "Advitam"]
[Black "batasjon"]
[Result "0-1"]
[WhiteElo "2298"]
[BlackElo "2441"]
[PlyCount "60"]
[EventDate "2021.??.??"]
[EventType "blitz"]

1. e4 e5 2. Nf3 d5 3. exd5 e4 4. Ne5 Qxd5 5. d4 exd3 6. Nxd3 Nf6 7. Nc3 Qf5 8.
Be2 Bd6 9. Bf3 O-O 10. Be3 Nc6 11. Qd2 Be6 12. O-O-O Qa5 13. Kb1 Rad8 14. Rhe1
Bb4 15. Bd5 Bxc3 16. Qxc3 Qxc3 17. Bxe6 Qxe1 18. Bxf7+ Kxf7 19. Rxe1 Rfe8 20.
Rd1 Nd5 21. Bg5 Nf6 22. h3 h6 23. Bc1 Kg8 24. Rf1 Ne5 25. Nf4 Nd5 26. Nh5 Nc4
27. b3 Nc3+ 28. Ka1 Nd2 29. Rh1 Nce4 30. f4 g6 {Normal} 0-1

[Event "Rated Blitz game"]
[Site "?"]
[Date "2021.11.27"]
[Round "?"]
[White "pure_enthusiasm"]
[Black "Annali-annaliew1979"]
[Result "0-1"]
[WhiteElo "2294"]
[BlackElo "2454"]
[PlyCount "36"]
[EventDate "2021.??.??"]
[EventType "blitz"]

1. e4 e5 2. Nf3 d5 3. Nxe5 Qe7 4. d4 f6 5. Qh5+ g6 6. Nxg6 Qxe4+ 7. Kd1 Qxg6 8.
Qxd5 Ne7 9. Qf3 Bg4 10. Bd3 Bxf3+ 11. gxf3 Qg2 12. Re1 Qxf3+ 13. Be2 Qxf2 14.
Nc3 Nbc6 15. Ne4 Qxd4+ 16. Bd3 O-O-O 17. Be3 Qxb2 18. Rc1 Nd5 {Normal} 0-1

[Event "Rated Blitz tournament zzloPC1D"]
[Site "?"]
[Date "2021.11.27"]
[Round "?"]
[White "Octo-KBPL"]
[Black "Toledanomad"]
[Result "1/2-1/2"]
[WhiteElo "2407"]
[BlackElo "2321"]
[PlyCount "57"]
[EventDate "2021.??.??"]
[EventType "blitz"]

1. e4 e5 2. Nf3 d5 3. exd5 e4 4. Qe2 Nf6 5. d3 Qxd5 6. dxe4 Qxe4 7. Nbd2 Qxe2+
8. Bxe2 Bf5 9. Nd4 Bd7 10. O-O Nc6 11. Nxc6 Bxc6 12. Bf3 Bxf3 13. Re1+ Be4 14.
Nxe4 O-O-O 15. Bg5 Be7 16. Nxf6 Bxf6 17. Bxf6 gxf6 18. Rad1 Rhe8 19. Rxe8 Rxe8
20. Kf1 c6 21. Re1 Rd8 22. Ke2 Kc7 23. Rd1 Re8+ 24. Kf3 Re5 25. Rd2 Rf5+ 26.
Ke2 Re5+ 27. Kf3 Rf5+ 28. Ke2 Re5+ 29. Kf3 {Normal} 1/2-1/2

[Event "Rated Blitz game"]
[Site "?"]
[Date "2021.11.27"]
[Round "?"]
[White "Kiselicki"]
[Black "Tristan2020"]
[Result "1-0"]
[WhiteElo "2502"]
[BlackElo "2347"]
[PlyCount "135"]
[EventDate "2021.??.??"]
[EventType "blitz"]

1. e4 e5 2. Nf3 d5 3. exd5 e4 4. Qe2 Nf6 5. d3 Qxd5 6. Nbd2 Be6 7. dxe4 Qa5 8.
c3 Nc6 9. Nc4 Qc5 10. Ng5 Bxc4 11. Qxc4 Qxc4 12. Bxc4 Ne5 13. Be2 Bc5 14. f4
Ned7 15. e5 Nd5 16. Bc4 c6 17. Ne4 Bb6 18. Nd6+ Ke7 19. Bxd5 cxd5 20. Bd2 f6
21. Nf5+ Kf7 22. e6+ Kg6 23. Nh4+ Kh5 24. Nf3 Nc5 25. f5 Nd3+ 26. Ke2 Nxb2 27.
h3 g5 28. g4+ Kh6 29. h4 Kg7 30. hxg5 Nc4 31. gxf6+ Kxf6 32. Bg5+ Kg7 33. Bh6+
Kf6 34. Raf1 Nd6 35. Nd4 Bxd4 36. cxd4 Ne4 37. g5+ Ke7 38. Rh3 Rhg8 39. Rg1 b5
40. Rb3 a6 41. a4 Rab8 42. axb5 Rxb5 43. Rxb5 axb5 44. Ra1 Ng3+ 45. Kf3 Nxf5
46. Ra7+ Kxe6 47. Rxh7 Nxd4+ 48. Ke3 Nf5+ 49. Kd3 Ke5 50. Rb7 Nxh6 51. gxh6
Rg3+ 52. Kd2 Kd4 53. Rxb5 Rg2+ 54. Ke1 Rh2 55. Rb6 Kd3 56. Rb3+ Ke4 57. Rb6 d4
58. Re6+ Kd3 59. Ra6 Ke3 60. Kf1 d3 61. Re6+ Kd2 62. Kg1 Rh5 63. Kg2 Kd1 64.
Kg3 d2 65. Kg4 Rh1 66. Rd6 Ke2 67. Kg5 Rg1+ 68. Kf6 {Time forfeit} 1-0

[Event "Rated Rapid game"]
[Site "?"]
[Date "2021.11.27"]
[Round "?"]
[White "Franklin15"]
[Black "Newton_54"]
[Result "0-1"]
[WhiteElo "2448"]
[BlackElo "2369"]
[PlyCount "78"]
[EventDate "2021.??.??"]
[EventType "rapid"]

1. e4 e5 2. Nf3 d5 3. Nxe5 Bd6 4. d4 dxe4 5. Nc3 Bxe5 6. dxe5 Qxd1+ 7. Kxd1 f5
8. exf6 Nxf6 9. h3 Nc6 10. Bb5 Bd7 11. Bxc6 Bxc6 12. Be3 O-O-O+ 13. Ke2 Nd5 14.
Nxd5 Rxd5 15. Rad1 Bb5+ 16. Ke1 Rhd8 17. Rxd5 Rxd5 18. b3 Ba6 19. c4 Rd3 20.
Ke2 b5 21. cxb5 Bxb5 22. Ke1 c5 23. h4 c4 24. bxc4 Bxc4 25. Bxa7 Bxa2 26. Be3
h5 27. Rh3 Be6 28. Rh1 Bg4 29. Bd2 Rb3 30. Bc1 Rd3 31. Bd2 Ra3 32. Bc1 Ra2 33.
Rh2 Kd7 34. Be3 Kc6 35. Bd4 Kd5 36. Bxg7 Kc4 37. Be5 Kd3 38. f3 e3 39. fxg4 Rc2
{Normal} 0-1

[Event "Rated Blitz game"]
[Site "?"]
[Date "2021.11.27"]
[Round "?"]
[White "Den_71"]
[Black "Pashkomarku"]
[Result "1-0"]
[WhiteElo "2525"]
[BlackElo "2339"]
[PlyCount "75"]
[EventDate "2021.??.??"]
[EventType "blitz"]

1. e4 e5 2. Nf3 d5 3. exd5 Qxd5 4. Nc3 Qe6 5. d3 Nc6 6. Be3 Bd7 7. Be2 O-O-O 8.
O-O f5 9. a3 f4 10. Bd2 h6 11. Ne4 Nf6 12. b4 Nxe4 13. dxe4 g5 14. h3 Be7 15.
b5 Nb8 16. c4 h5 17. Nh2 Qg6 18. Bf3 Be6 19. Qe2 Rdg8 20. Bc3 Bf6 21. Ng4 hxg4
22. Bxg4 Bg7 23. c5 Rh4 24. Bxe6+ Qxe6 25. f3 Rd8 26. Rfd1 Rhh8 27. Qb2 Rxd1+
28. Rxd1 Rd8 29. Rxd8+ Kxd8 30. Qb4 Qa2 31. b6 axb6 32. cxb6 c6 33. Qd6+ Nd7
34. Bb4 Qa1+ 35. Kh2 Qd4 36. Qc7+ Ke8 37. Bd6 Nxb6 38. Qe7# {Normal} 1-0

[Event "Rated Blitz game"]
[Site "?"]
[Date "2021.11.27"]
[Round "?"]
[White "hakob_hakobyan2"]
[Black "mirekkk14"]
[Result "1-0"]
[WhiteElo "2418"]
[BlackElo "2392"]
[PlyCount "59"]
[EventDate "2021.??.??"]
[EventType "blitz"]

1. e4 e5 2. Nf3 d5 3. Nxe5 Bd6 4. d4 dxe4 5. Nc3 Bxe5 6. dxe5 Qxd1+ 7. Nxd1 Nc6
8. Bf4 Nge7 9. Nc3 Bf5 10. Bb5 O-O-O 11. O-O a6 12. Bc4 Ng6 13. Bg5 Rdf8 14.
Bd5 Ncxe5 15. Bxe4 Bxe4 16. Nxe4 f5 17. Nc3 Nc4 18. b3 Nd6 19. f3 f4 20. Rfe1
Rf7 21. Nd5 Kd7 22. g3 fxg3 23. hxg3 Rxf3 24. Kg2 Rhf8 25. Nf4 Rc3 26. Re2
Nxf4+ 27. Bxf4 h6 28. Rae1 Rf7 29. Be5 b5 30. Bxc3 {Normal} 1-0

[Event "Rated Blitz game"]
[Site "?"]
[Date "2021.11.27"]
[Round "?"]
[White "Nelson16"]
[Black "Gaganjani"]
[Result "1-0"]
[WhiteElo "2394"]
[BlackElo "2408"]
[PlyCount "103"]
[EventDate "2021.??.??"]
[EventType "blitz"]

1. e4 e5 2. Nf3 d5 3. Nxe5 Nf6 4. d4 Nxe4 5. Nc3 Nxc3 6. bxc3 Be7 7. Bd3 Nd7 8.
Nxf7 Kxf7 9. Qh5+ Kf8 10. Qxd5 Nf6 11. Qf3 Qd5 12. Qg3 Bd6 13. Qg5 Bg4 14. O-O
h6 15. Qxd5 Nxd5 16. c4 Nb4 17. c5 Be7 18. Be4 c6 19. Rb1 Nxa2 20. Bd2 a5 21.
Ra1 Be6 22. Bg6 Ra6 23. Rfe1 Bd5 24. c3 b5 25. Bb1 b4 26. Bxa2 b3 27. Bb1 a4
28. Bd3 Ra7 29. Ra3 Kf7 30. Rea1 b2 31. Rb1 Rb8 32. c4 Be6 33. Bc3 Bf6 34. Rxb2
Rab7 35. Rxb7+ Rxb7 36. Kf1 Rd7 37. d5 cxd5 38. cxd5 Rxd5 39. Bxf6 Kxf6 40. c6
Rc5 41. Rxa4 Rxc6 42. Ke2 Rb6 43. Ke3 Rb3 44. h4 Bf5 45. Rd4 g5 46. f3 gxh4 47.
Ke2 Rb2+ 48. Kf1 h3 49. gxh3 Bxh3+ 50. Ke1 Bf5 51. Rd6+ Ke5 52. Rd8 {Time
forfeit} 1-0

[Event "Rated Blitz game"]
[Site "?"]
[Date "2021.11.27"]
[Round "?"]
[White "PorfiryP"]
[Black "Sdjordje12345_s"]
[Result "1-0"]
[WhiteElo "2460"]
[BlackElo "2400"]
[PlyCount "97"]
[EventDate "2021.??.??"]
[EventType "blitz"]

1. e4 e5 2. Nf3 d5 3. Nxe5 Qe7 4. d4 f6 5. Nf3 dxe4 6. Nfd2 Nc6 7. Bb5 Bd7 8.
O-O O-O-O 9. c3 f5 10. Nc4 Nf6 11. Bf4 Nd5 12. Bxc6 Nxf4 13. Bxd7+ Rxd7 14. Ne5
Rd8 15. Qd2 Ng6 16. Nxg6 hxg6 17. f3 e3 18. Qe2 f4 19. Na3 g5 20. Nc4 g6 21.
Ne5 Qh7 22. Ng4 Bg7 23. a4 Qg8 24. a5 Rh4 25. a6 b6 26. Qb5 Qe6 27. Qxg5 Rdh8
28. Qxf4 Bh6 29. Qg3 Qf5 30. Rae1 Bf4 31. Nxe3 Qf8 32. Qxg6 Bxh2+ 33. Kf2 R8h6
34. Qf5+ Qxf5 35. Nxf5 Bd6 36. Nxh6 Rxh6 37. Rh1 Rg6 38. Rh3 Kd7 39. Re4 Kc6
40. f4 Kd5 41. Kf3 Rf6 42. Rh5+ Kc4 43. g4 Kd3 44. g5 Rf8 45. g6 Rf6 46. Rg5
Rf8 47. g7 Rg8 48. f5 Be7 49. Rg6 {Time forfeit} 1-0

[Event "Rated Blitz tournament 7HlK6Zmk"]
[Site "?"]
[Date "2021.11.27"]
[Round "?"]
[White "Brave_spirit12"]
[Black "HEISENBERG_1956"]
[Result "0-1"]
[WhiteElo "2382"]
[BlackElo "2537"]
[PlyCount "80"]
[EventDate "2021.??.??"]
[EventType "blitz"]

1. e4 e5 2. Nf3 d5 3. Nxe5 Bd6 4. d4 dxe4 5. Nc4 Nf6 6. Nc3 Bb4 7. Bg5 O-O 8.
Be2 Nc6 9. O-O Qxd4 10. Qxd4 Nxd4 11. Bxf6 gxf6 12. Bh5 Nxc2 13. Rac1 Bxc3 14.
bxc3 b5 15. Rxc2 bxc4 16. Re2 f5 17. f3 exf3 18. Rxf3 Be6 19. h4 Rab8 20. Re5
Kg7 21. Ra5 Rfd8 22. Rg3+ Kf6 23. Rxa7 Rb2 24. Rxc7 Rdd2 25. Bf3 f4 26. Rg5
Rdc2 27. Rh5 Rc1+ 28. Kh2 Rbb1 29. Rh6+ Kg7 30. Rxh7+ Kxh7 31. Be4+ Kg7 32.
Bxb1 Rxb1 33. a4 Ra1 34. Ra7 Ra3 35. a5 Rxc3 36. a6 Ra3 37. Kg1 c3 38. Rc7 Bf5
39. a7 c2 40. Kf2 Rxa7 {Normal} 0-1

[Event "Rated Blitz game"]
[Site "?"]
[Date "2021.11.27"]
[Round "?"]
[White "WenlanGm1"]
[Black "Heri72"]
[Result "1-0"]
[WhiteElo "2427"]
[BlackElo "2417"]
[PlyCount "41"]
[EventDate "2021.??.??"]
[EventType "blitz"]

1. e4 e5 2. Nf3 d5 3. exd5 Bd6 4. Nc3 f5 5. d4 e4 6. Ne5 Nf6 7. Bb5+ Kf8 8. O-O
a6 9. Be2 Nbd7 10. Nxd7+ Bxd7 11. f3 h5 12. fxe4 fxe4 13. Nxe4 Kg8 14. Nxf6+
gxf6 15. Qd3 Qe8 16. Rxf6 Bg4 17. Bxg4 hxg4 18. Rg6+ Kf8 19. Qf5+ Qf7 20. Rf6
Bxh2+ 21. Kf1 {Normal} 1-0